000 00476nam a2200169Ia 4500
999 _c28893
_d28893
003 OSt
005 20210107121655.0
008 190216s9999||||xx |||||||||||||| ||und||
040 _coclc
082 _a954
_bPAR/S
100 _aParvathydevi
_98100
245 0 _aSamara Theekshnathayude Ennalekal /
_cParvathydevi
260 _bHaritham Books,
_aKozhikode:
_c2006.
300 _a210p
650 _aMalayalam
942 _cBK
_2ddc
_h954
_iPAR/S
_k954
_mPAR/S